Ochranná známka a možnosti jej odhonotenia v podmienkach SR diplomová práca

Saved in:
Bibliographic Details
Main Author: Krupalová, Martina
Corporate Author: Fakulta podnikového manažmentu EU. Katedra podnikovohospodárska
Other Authors: Kardoš, Peter
Format: Book
Language:Slovak
Published: Bratislava 2013
Tags: Add Tag
No Tags, Be the first to tag this record!

MARC

LEADER 00000nbm a2200000 4500
001 0170710
005 20161109102405.6
041 0 |a slo 
044 |a SK 
245 1 0 |a Ochranná známka a možnosti jej odhonotenia v podmienkach SR  |b diplomová práca  |c Martina Krupalová ; školiteľ: Peter Kardoš 
264 1 |a Bratislava  |c 2013 
300 |a 90 s. 
100 1 |a Krupalová, Martina 
700 1 |a Kardoš, Peter 
710 2 |a Fakulta podnikového manažmentu EU. Katedra podnikovohospodárska